| 000 | 00660nam a2200205 i 4500 | ||
|---|---|---|---|
| 001 | 8427 | ||
| 003 | ES-MaACL | ||
| 005 | 20230906145444.0 | ||
| 007 | t| | ||
| 008 | 920617s1988 sp ||||1| spa d | ||
| 020 | _a84-87019-02-1 | ||
| 080 | _a86-32"19" | ||
| 080 | _a86(Mercado, E.M.7 I.01) | ||
| 100 | 1 |
_aMercado, Enrique M. _980432 |
|
| 245 | 1 | 0 |
_aIntrahistoria de Leganés / _cEnrique M. Mercado. |
| 260 |
_aLeganés : _bAyuntamiento, Delegación de Cultura, _c1988. |
||
| 300 |
_a46 p. : _bil. ; _c21 cm. |
||
| 710 | 1 |
_aLeganés. Ayuntamiento. _bDelegación de Cultura. _95492 |
|
| 852 |
_aES-MaACL _j2143-F-24 _bR.120489 _q. - Ded. autógrafa del autor |
||
| 999 |
_c8427 _d8427 |
||